Capitales dans leurs langues maternelles - Statistiques

Statistiques générales
  • Ce quiz a été pris 65 fois
  • Le résultat moyen est 14 sur 21
Statistiques - réponses
Maternelle Français % Correct
Athinai Athènes
100%
Roma Rome
100%
București Bucarest
95%
Nava Dehalī New Delhi
95%
Beograd Belgrade
93%
Moskva Moscou
90%
Bayrūt Beyrouth
88%
Hà Nội Hanoï
88%
Praha Prague
86%
Wien Vienne
86%
København Copenhague
79%
Prishtinë Pristina
79%
Ar-Riyāḍ Riyad
78%
Pot Mosbi Port Moresby
55%
Dimashq / Ash-Sham Damas
34%
Pòtoprens Port-au-Prince
34%
Krung Thep Bangkok
28%
Errbaṭ Rabat
24%
Kaapstad Le Cap
22%
Baile Átha Cliath Dublin
21%
Lefkosia Nicosie
17%
Aucun quiz correspondant
Distribution des résultats
% des personnes avec chaque résultat
Percentile par nombre de réponses
Votre historique - résultats
Vous n’avez pas pris ce quiz